000 00357cam a22001217a 4500
008 180718b1973 xxu||||| |||| 00| 0 eng d
082 _aA6x5453 N164
100 _aNarayanan, M.G.S.
245 _aAspects of aryanisation in Kerala
_cby M.G.S. Narayanan
260 _aTrivandurm
_bKerala Historical Society
_c1973
300 _a53p.
650 _aKerala - History
999 _c349784
_d349784